000 00685nam a22002537a 4500
001 BR9510708
003 BR-BrBNA
005 20230928094834.0
007 ta
008 230509b bl.||||| |||| 00| 0 por d
040 _aBR-BrBNA
_bpor
_cBiblioteca Nacional de Agricultura
041 _a(Por)
072 _aE50
090 _ E50 BR9510708
100 1 _aGalvao, G. de C.
110 1 _aAssociacao de Credito e Assistencia Rural do Estado do Para, Belem (Brasil)
_9493
245 1 _aPlanejamento familiar
260 3 _aBelem, PA (Brasil):
_c1976.
300 _a52 p.
500 _a32 ref.
650 _aSociologia Rural
909 _a202309
_bLucia
_c55
_dLucia Elande
942 _cBK
999 _c52937
_d52937